00999 2200241 4500001002100000005001500021035002000036007000300056008004100059020002200100082001000122084001600132100003400148245013400182250000600316260003300322300002900355700002800384700002500412650002900437520027400466990001700740INLIS00000000000159720260421105422 a0010-1123000228ta260421 b 0 ind  a978-602-407-181-3 a398.2 a398.2 YUN k0 aYunita R Saragi ( Pengarang )1 aKumpulan Dongeng Hewan favorit anak :bhewan kesayangan rasulullah /cYunita R Saragi ; penyunting, Mahadewa ; ilustrator , Yudha a- aYogyakarta :bLaksana,c2017 a143 :bilus. ;c24 cme-0 aMahadewa ( Penyunting )0 aYudha ( Ilustrator ) 4aFiksi - Bacaan anak-anak aBuku ini dilengkapi dengan fakta-fakta dan foto dari hewan-hewan pada kumpulan dongeng ini. Selain terhibur, pengetahuan anak juga akan bertambah. Yuk, ajak buah hati Anda bertualang bersama Meksim si Gajah, Jiraf si Jerapah, Delpi si Lumba-lumba, serta banyak lainnya. a00157/K/2022